[Event "OeISM B U16"]
[Site "austriaU16b"]
[Date "2020.12.11"]
[Round "7"]
[White "Nasnaseez"]
[Black "Schlabberteig"]
[Result "0-1"]
[WhiteElo "1814"]
[BlackElo "1817"]
[Annotator "NA"]
[PlyCount "118"]
[EventDate "2020.12.11"]
[EventType "blitz"]

1. e4 {[%emt 0:00:01]} e6 {[%emt 0:00:02]} 2. d4 {[%emt 0:00:12]} d5 {[%emt 0:00:01]} 3. exd5 {[%emt 0:00:00]} exd5 {[%emt 0:00:01]} 4. Bd3 {[%emt 0:00:01]} Bd6 {[%emt 0:00:01]} 5. Ne2 {[%emt 0:00:02]} Ne7 {[%emt 0:00:02]} 6. Bf4 {[%emt 0:00:06]} O-O {[%emt 0:00:04]} 7. O-O {[%emt 0:00:04]} c6 {[%emt 0:00:02]} 8. c3 {[%emt 0:00:03]} Qc7 {[%emt 0:00:01]} 9. Bxd6 {[%emt 0:00:01]} Qxd6 {[%emt 0:00:00]} 10. Qd2 {[%emt 0:00:02]} Nd7 {[%emt 0:00:05]} 11. Qf4 {[%emt 0:00:05]} Qf6 {[%emt 0:00:10]} 12. Nd2 {[%emt 0:00:06]} Ng6 {[%emt 0:00:05]} 13. Qxf6 {[%emt 0:00:01]} Nxf6 {[%emt 0:00:02]} 14. Nf3 {[%emt 0:00:05]} Re8 {[%emt 0:00:04]} 15. Rfe1 {[%emt 0:00:06]} Bg4 {[%emt 0:00:06]} 16. Bxg6 {[%emt 0:00:14]} hxg6 {[%emt 0:00:13]} 17. Ne5 {[%emt 0:00:03]} Bxe2 {[%emt 0:00:09]} 18. Rxe2 {[%emt 0:00:01]} Ne4 {[%emt 0:00:01]} 19. f3 {[%emt 0:00:10]} Nd6 {[%emt 0:00:02]} 20. Rae1 {[%emt 0:00:07]} g5 {[%emt 0:00:02]} 21. Kf2 {[%emt 0:00:13]} f6 {[%emt 0:00:02]} 22. Nd3 {[%emt 0:00:02]} Kf7 {[%emt 0:00:03]} 23. Nc5 {[%emt 0:00:08]} Rxe2+ {[%emt 0:00:10]} 24. Rxe2 {[%emt 0:00:02]} Re8 {[%emt 0:00:01]} 25. Rxe8 {[%emt 0:00:09]} Kxe8 {[%emt 0:00:00]} 26. Ke2 {[%emt 0:00:05]} Ke7 {[%emt 0:00:02]} 27. Kd3 {[%emt 0:00:05]} b6 {[%emt 0:00:18]} 28. Na4 {[%emt 0:00:05]} Nc4 {[%emt 0:00:02]} 29. b3 {[%emt 0:00:04]} Na5 {[%emt 0:00:18]} 30. Nb2 {[%emt 0:00:04]} Kd6 {[%emt 0:00:05]} 31. Nd1 {[%emt 0:00:02]} Nb7 {[%emt 0:00:10]} 32. Ne3 {[%emt 0:00:02]} g6 {[%emt 0:00:05]} 33. c4 {[%emt 0:00:15]} Nd8 {[%emt 0:00:06]} 34. Ng4 {[%emt 0:00:10]} Ke6 {[%emt 0:00:17]} 35. a4 {[%emt 0:00:16]} a5 {[%emt 0:00:07]} 36. Kc3 {[%emt 0:00:07]} Nf7 {[%emt 0:00:04]} 37. Ne3 {[%emt 0:00:13]} Nd6 {[%emt 0:00:05]} 38. c5 {[%emt 0:00:13]} bxc5 {[%emt 0:00:05]} 39. dxc5 {[%emt 0:00:00]} Nf5 {[%emt 0:00:41]} 40. Nxf5 {[%emt 0:00:02]} gxf5 {[%emt 0:00:00]} 41. b4 {[%emt 0:00:03]} axb4+ {[%emt 0:00:01]} 42. Kxb4 {[%emt 0:00:00]} Kd7 {[%emt 0:00:01]} 43. g3 {[%emt 0:00:20]} g4 {[%emt 0:00:08]} 44. f4 {[%emt 0:00:07]} Kc7 {[%emt 0:00:01]} 45. Kb3 {[%emt 0:00:02]} Kb7 {[%emt 0:00:01]} 46. Kb4 {[%emt 0:00:01]} Ka6 {[%emt 0:00:01]} 47. Ka3 {[%emt 0:00:01]} Ka5 {[%emt 0:00:03]} 48. Kb3 {[%emt 0:00:01]} d4 {[%emt 0:00:03]} 49. Kc4 {[%emt 0:00:03]} Kxa4 {[%emt 0:00:01]} 50. Kd3 {[%emt 0:00:02]} Kb4 {[%emt 0:00:02]} 51. Kxd4 {[%emt 0:00:01]} Kb5 {[%emt 0:00:01]} 52. Kc3 {[%emt 0:00:01]} Kxc5 {[%emt 0:00:01]} 53. Kd3 {[%emt 0:00:02]} Kb4 {[%emt 0:00:02]} 54. Kc2 {[%emt 0:00:04]} Kc4 {[%emt 0:00:01]} 55. Kd2 {[%emt 0:00:01]} Kb3 {[%emt 0:00:01]} 56. Kc1 {[%emt 0:00:04]} c5 {[%emt 0:00:01]} 57. Kd2 {[%emt 0:00:01]} c4 {[%emt 0:00:01]} 58. Kc1 {[%emt 0:00:01]} Kc3 {[%emt 0:00:01]} 59. Kb1 {[%emt 0:00:01]} Kd2 {[%emt 0:00:01] Nasnaseez resigns} 0-1

[Event "OeISM B U16"]
[Site "austriaU16b"]
[Date "2020.12.11"]
[Round "7"]
[White "MasterWeichhart"]
[Black "Mat_Sta"]
[Result "1-0"]
[WhiteElo "1780"]
[BlackElo "1901"]
[Annotator "NA"]
[PlyCount "135"]
[EventDate "2020.12.11"]
[EventType "blitz"]

1. c4 {[%emt 0:00:02]} f5 {[%emt 0:00:02]} 2. g3 {[%emt 0:00:04]} Nf6 {[%emt 0:00:03]} 3. Bg2 {[%emt 0:00:01]} e6 {[%emt 0:00:01]} 4. Nc3 {[%emt 0:00:03]} Bb4 {[%emt 0:00:01]} 5. Qc2 {[%emt 0:00:02]} O-O {[%emt 0:00:02]} 6. Nf3 {[%emt 0:00:01]} b6 {[%emt 0:00:01]} 7. O-O {[%emt 0:00:01]} Bb7 {[%emt 0:00:01]} 8. d3 {[%emt 0:00:02]} Bxc3 {[%emt 0:00:02]} 9. Qxc3 {[%emt 0:00:00]} d6 {[%emt 0:00:00]} 10. b3 {[%emt 0:00:08]} Nbd7 {[%emt 0:00:02]} 11. Bb2 {[%emt 0:00:02]} e5 {[%emt 0:00:10]} 12. Rad1 {[%emt 0:00:33]} h6 {[%emt 0:00:05]} 13. Nh4 {[%emt 0:00:08]} Bxg2 {[%emt 0:00:05]} 14. Kxg2 {[%emt 0:00:05]} Nh7 {[%emt 0:00:09]} 15. f4 {[%emt 0:00:07]} Qe8 {[%emt 0:00:49]} 16. fxe5 {[%emt 0:00:07]} Nxe5 {[%emt 0:00:15]} 17. Nxf5 {[%emt 0:00:14]} Nf6 {[%emt 0:00:09]} 18. e4 {[%emt 0:00:14]} Qh5 {[%emt 0:00:27]} 19. Rde1 {[%emt 0:00:11]} Rae8 {[%emt 0:00:21]} 20. h3 {[%emt 0:00:34]} Qg6 {[%emt 0:00:14]} 21. d4 {[%emt 0:00:18]} Nc6 {[%emt 0:00:11]} 22. e5 {[%emt 0:00:10]} dxe5 {[%emt 0:00:09]} 23. dxe5 {[%emt 0:00:00]} Nh5 {[%emt 0:00:14]} 24. e6 {[%emt 0:00:19]} Ne7 {[%emt 0:00:08]} 25. Nh4 {[%emt 0:00:15]} Qg5 {[%emt 0:00:01]} 26. Re5 {[%emt 0:00:04]} Qf6 {[%emt 0:00:03]} 27. Rxh5 {[%emt 0:00:02]} Qxc3 {[%emt 0:00:01]} 28. Bxc3 {[%emt 0:00:00]} Rxf1 {[%emt 0:00:01]} 29. Kxf1 {[%emt 0:00:00]} g6 {[%emt 0:00:02]} 30. Re5 {[%emt 0:00:02]} Kg7 {[%emt 0:00:00]} 31. Re1+ {[%emt 0:00:01]} Kg8 {[%emt 0:00:01]} 32. Nxg6 {[%emt 0:00:01]} Nxg6 {[%emt 0:00:02]} 33. Kg2 {[%emt 0:00:01]} Kf8 {[%emt 0:00:02]} 34. Bb4+ {[%emt 0:00:01]} Kg7 {[%emt 0:00:01]} 35. c5 {[%emt 0:00:02]} Nf8 {[%emt 0:00:01]} 36. cxb6 {[%emt 0:00:02]} cxb6 {[%emt 0:00:00]} 37. e7 {[%emt 0:00:01]} Ng6 {[%emt 0:00:01]} 38. Re3 {[%emt 0:00:02]} Kf7 {[%emt 0:00:00]} 39. Rf3+ {[%emt 0:00:01]} Ke6 {[%emt 0:00:01]} 40. Re3+ {[%emt 0:00:01]} Kd7 {[%emt 0:00:01]} 41. Rd3+ {[%emt 0:00:01]} Kc7 {[%emt 0:00:02]} 42. Re3 {[%emt 0:00:04]} a5 {[%emt 0:00:05]} 43. Ba3 {[%emt 0:00:03]} Kd7 {[%emt 0:00:02]} 44. h4 {[%emt 0:00:01]} Nxe7 {[%emt 0:00:06]} 45. Rxe7+ {[%emt 0:00:00]} Rxe7 {[%emt 0:00:01]} 46. Bxe7 {[%emt 0:00:00]} Kxe7 {[%emt 0:00:00]} 47. Kf3 {[%emt 0:00:01]} Kf6 {[%emt 0:00:00]} 48. Kf4 {[%emt 0:00:01]} Kg6 {[%emt 0:00:01]} 49. g4 {[%emt 0:00:01]} Kf6 {[%emt 0:00:01]} 50. g5+ {[%emt 0:00:01]} hxg5+ {[%emt 0:00:01]} 51. hxg5+ {[%emt 0:00:00]} Kg6 {[%emt 0:00:01]} 52. a4 {[%emt 0:00:02]} Kg7 {[%emt 0:00:03]} 53. Kf5 {[%emt 0:00:01]} Kf7 {[%emt 0:00:01]} 54. g6+ {[%emt 0:00:01]} Kg7 {[%emt 0:00:01]} 55. Ke6 {[%emt 0:00:02]} Kxg6 {[%emt 0:00:01]} 56. Kd6 {[%emt 0:00:00]} Kf6 {[%emt 0:00:00]} 57. Kc6 {[%emt 0:00:01]} Ke6 {[%emt 0:00:00]} 58. Kxb6 {[%emt 0:00:00]} Kd6 {[%emt 0:00:01]} 59. Kxa5 {[%emt 0:00:00]} Kc5 {[%emt 0:00:00]} 60. b4+ {[%emt 0:00:01]} Kc6 {[%emt 0:00:01]} 61. b5+ {[%emt 0:00:01]} Kb7 {[%emt 0:00:01]} 62. b6 {[%emt 0:00:01]} Ka8 {[%emt 0:00:01]} 63. Kb5 {[%emt 0:00:00]} Kb8 {[%emt 0:00:00]} 64. a5 {[%emt 0:00:00]} Kb7 {[%emt 0:00:01]} 65. a6+ {[%emt 0:00:01]} Ka8 {[%emt 0:00:00]} 66. Kc6 {[%emt 0:00:03]} Kb8 {[%emt 0:00:01]} 67. b7 {[%emt 0:00:03]} Ka7 {[%emt 0:00:01]} 68. Kc7 {[%emt 0:00:01] Mat_Sta resigns} 1-0

[Event "OeISM B U16"]
[Site "austriaU16b"]
[Date "2020.12.11"]
[Round "7"]
[White "gor200506"]
[Black "Moritz_Pernerstorfer"]
[Result "0-1"]
[WhiteElo "1719"]
[BlackElo "1545"]
[Annotator "NA"]
[PlyCount "114"]
[EventDate "2020.12.11"]
[EventType "blitz"]

1. d4 {[%emt 0:00:05]} Nf6 {[%emt 0:00:07]} 2. Nf3 {[%emt 0:00:02]} g6 {[%emt 0:00:01]} 3. c4 {[%emt 0:00:03]} d6 {[%emt 0:00:01]} 4. Nc3 {[%emt 0:00:01]} Bg7 {[%emt 0:00:02]} 5. Bf4 {[%emt 0:00:06]} Nbd7 {[%emt 0:00:05]} 6. e3 {[%emt 0:00:01]} O-O {[%emt 0:00:04]} 7. Be2 {[%emt 0:00:50]} Re8 {[%emt 0:00:02]} 8. O-O {[%emt 0:00:02]} e5 {[%emt 0:00:03]} 9. Bg3 {[%emt 0:00:02]} Nh5 {[%emt 0:00:07]} 10. Qb3 {[%emt 0:00:24]} Nxg3 {[%emt 0:00:05]} 11. hxg3 {[%emt 0:00:01]} a5 {[%emt 0:00:33]} 12. a4 {[%emt 0:00:11]} exd4 {[%emt 0:00:30]} 13. exd4 {[%emt 0:00:06]} Nf6 {[%emt 0:00:02]} 14. Bd3 {[%emt 0:00:04]} b6 {[%emt 0:00:10]} 15. Rfe1 {[%emt 0:00:04]} Bb7 {[%emt 0:00:03]} 16. Rxe8+ {[%emt 0:00:07]} Qxe8 {[%emt 0:00:01]} 17. Re1 {[%emt 0:00:02]} Qd7 {[%emt 0:00:03]} 18. Qc2 {[%emt 0:01:12]} Re8 {[%emt 0:00:04]} 19. Ne4 {[%emt 0:00:02]} Nxe4 {[%emt 0:00:18]} 20. Bxe4 {[%emt 0:00:02]} Bxe4 {[%emt 0:00:06]} 21. Rxe4 {[%emt 0:00:06]} Rxe4 {[%emt 0:00:07]} 22. Qxe4 {[%emt 0:00:00]} Qxa4 {[%emt 0:00:02]} 23. Qe7 {[%emt 0:00:12]} Qxc4 {[%emt 0:00:06]} 24. Qd8+ {[%emt 0:00:01]} Bf8 {[%emt 0:00:02]} 25. Ng5 {[%emt 0:00:03]} Kg7 {[%emt 0:00:07]} 26. Kh2 {[%emt 0:00:02]} Qxd4 {[%emt 0:00:40]} 27. Qxc7 {[%emt 0:00:03]} Qf6 {[%emt 0:00:06]} 28. Ne4 {[%emt 0:00:02]} Qe7 {[%emt 0:00:07]} 29. Qc3+ {[%emt 0:00:01]} Kh6 {[%emt 0:00:07]} 30. Qe3+ {[%emt 0:00:02]} Kg7 {[%emt 0:00:02]} 31. Qd4+ {[%emt 0:00:02]} Qe5 {[%emt 0:00:01]} 32. Qxe5+ {[%emt 0:00:02]} dxe5 {[%emt 0:00:01]} 33. Nc3 {[%emt 0:00:01]} Bc5 {[%emt 0:00:02]} 34. Nd5 {[%emt 0:00:01]} f5 {[%emt 0:00:02]} 35. Kh3 {[%emt 0:00:01]} Kf7 {[%emt 0:00:01]} 36. Kh4 {[%emt 0:00:01]} h6 {[%emt 0:00:02]} 37. g4 {[%emt 0:00:01]} Ke6 {[%emt 0:00:02]} 38. Nc3 {[%emt 0:00:02]} f4 {[%emt 0:00:03]} 39. f3 {[%emt 0:00:02]} Kd6 {[%emt 0:00:06]} 40. Ne4+ {[%emt 0:00:01]} Ke6 {[%emt 0:00:02]} 41. g3 {[%emt 0:00:03]} Be3 {[%emt 0:00:02]} 42. g5 {[%emt 0:00:06]} hxg5+ {[%emt 0:00:02]} 43. Kg4 {[%emt 0:00:02]} fxg3 {[%emt 0:00:01]} 44. Nxg3 {[%emt 0:00:01]} Bf4 {[%emt 0:00:02]} 45. Ne4 {[%emt 0:00:02]} b5 {[%emt 0:00:01]} 46. Nc3 {[%emt 0:00:01]} b4 {[%emt 0:00:02]} 47. Ne2 {[%emt 0:00:01]} Kd5 {[%emt 0:00:02]} 48. Ng1 {[%emt 0:00:05]} Kc4 {[%emt 0:00:01]} 49. Ne2 {[%emt 0:00:01]} Kb3 {[%emt 0:00:01]} 50. Ng1 {[%emt 0:00:04]} Kxb2 {[%emt 0:00:01]} 51. Ne2 {[%emt 0:00:01]} Kc2 {[%emt 0:00:01]} 52. Ng1 {[%emt 0:00:01]} a4 {[%emt 0:00:01]} 53. Nh3 {[%emt 0:00:01]} b3 {[%emt 0:00:01]} 54. Nf2 {[%emt 0:00:02]} b2 {[%emt 0:00:01]} 55. Ne4 {[%emt 0:00:03]} b1=Q {[%emt 0:00:03]} 56. Ng3 {[%emt 0:00:03]} Qg1 {[%emt 0:00:03]} 57. Kh3 {[%emt 0:00:02]} Qxg3# {[%emt 0:00:00] Mate Mate} 0-1

[Event "OeISM B U16"]
[Site "austriaU16b"]
[Date "2020.12.11"]
[Round "7"]
[White "Sem55"]
[Black "PatrikStar"]
[Result "1-0"]
[WhiteElo "1529"]
[BlackElo "1383"]
[Annotator "NA"]
[PlyCount "31"]
[EventDate "2020.12.11"]
[EventType "blitz"]

1. d4 {[%emt 0:00:14]} d5 {[%emt 0:00:02]} 2. c4 {[%emt 0:00:01]} e6 {[%emt 0:00:03]} 3. Nc3 {[%emt 0:00:01]} Nf6 {[%emt 0:00:03]} 4. cxd5 {[%emt 0:00:01]} exd5 {[%emt 0:00:01]} 5. Bg5 {[%emt 0:00:02]} Be7 {[%emt 0:00:03]} 6. e3 {[%emt 0:00:01]} O-O {[%emt 0:00:04]} 7. Bd3 {[%emt 0:00:01]} Nc6 {[%emt 0:00:05]} 8. Bxf6 {[%emt 0:00:06]} Bxf6 {[%emt 0:00:02]} 9. Qh5 {[%emt 0:00:00]} g6 {[%emt 0:00:09]} 10. Qxd5 {[%emt 0:00:01]} Qxd5 {[%emt 0:00:25]} 11. Nxd5 {[%emt 0:00:00]} Bd8 {[%emt 0:00:05]} 12. Rc1 {[%emt 0:00:24]} Be6 {[%emt 0:00:04]} 13. Nc3 {[%emt 0:00:09]} Nb4 {[%emt 0:00:22]} 14. Bb1 {[%emt 0:00:05]} b6 {[%emt 0:00:15]} 15. a3 {[%emt 0:00:01]} Nc6 {[%emt 0:00:03]} 16. d5 {[%emt 0:00:02] PatrikStar resigns} 1-0

[Event "OeISM B U16"]
[Site "austriaU16b"]
[Date "2020.12.11"]
[Round "7"]
[White "LPOHNEMICH"]
[Black "Oberwirschtl"]
[Result "0-1"]
[WhiteElo "1440"]
[BlackElo "1446"]
[Annotator "NA"]
[PlyCount "114"]
[EventDate "2020.12.11"]
[EventType "blitz"]

1. e4 {[%emt 0:00:05]} e5 {[%emt 0:00:03]} 2. Nf3 {[%emt 0:00:01]} Nf6 {[%emt 0:00:05]} 3. Nxe5 {[%emt 0:00:02]} d6 {[%emt 0:00:04]} 4. Nf3 {[%emt 0:00:01]} Nxe4 {[%emt 0:00:01]} 5. d4 {[%emt 0:00:01]} d5 {[%emt 0:00:02]} 6. Nbd2 {[%emt 0:00:12]} Nf6 {[%emt 0:00:31]} 7. Nb3 {[%emt 0:00:12]} Nc6 {[%emt 0:00:05]} 8. Be2 {[%emt 0:00:03]} Be7 {[%emt 0:00:04]} 9. Be3 {[%emt 0:00:03]} O-O {[%emt 0:00:09]} 10. O-O {[%emt 0:00:03]} Re8 {[%emt 0:00:20]} 11. Re1 {[%emt 0:00:02]} Bf5 {[%emt 0:00:07]} 12. c3 {[%emt 0:00:17]} Bd6 {[%emt 0:00:21]} 13. Bd3 {[%emt 0:00:03]} Ne4 {[%emt 0:00:12]} 14. Nbd2 {[%emt 0:00:17]} Nxf2 {[%emt 0:00:17]} 15. Bxf2 {[%emt 0:00:10]} Bxd3 {[%emt 0:00:03]} 16. Rxe8+ {[%emt 0:00:03]} Qxe8 {[%emt 0:00:02]} 17. Qe1 {[%emt 0:00:02]} Qxe1+ {[%emt 0:00:04]} 18. Rxe1 {[%emt 0:00:00]} Kf8 {[%emt 0:00:11]} 19. Ng5 {[%emt 0:00:17]} h6 {[%emt 0:00:04]} 20. Ngf3 {[%emt 0:00:04]} Re8 {[%emt 0:00:04]} 21. Rxe8+ {[%emt 0:00:04]} Kxe8 {[%emt 0:00:00]} 22. Ne1 {[%emt 0:00:07]} Bg6 {[%emt 0:00:05]} 23. Kf1 {[%emt 0:00:03]} Bf4 {[%emt 0:00:12]} 24. Nb3 {[%emt 0:00:12]} b6 {[%emt 0:00:06]} 25. Ke2 {[%emt 0:00:05]} a5 {[%emt 0:00:06]} 26. a4 {[%emt 0:00:08]} Bh5+ {[%emt 0:00:08]} 27. Nf3 {[%emt 0:00:11]} Ke7 {[%emt 0:00:03]} 28. h3 {[%emt 0:00:07]} Ke6 {[%emt 0:00:08]} 29. g4 {[%emt 0:00:04]} Bg6 {[%emt 0:00:01]} 30. Ne1 {[%emt 0:00:01]} Be4 {[%emt 0:00:02]} 31. Bh4 {[%emt 0:00:13]} g5 {[%emt 0:00:05]} 32. Bf2 {[%emt 0:00:02]} Bg6 {[%emt 0:00:02]} 33. h4 {[%emt 0:00:06]} h5 {[%emt 0:00:05]} 34. hxg5 {[%emt 0:00:20]} hxg4 {[%emt 0:00:04]} 35. Be3 {[%emt 0:00:10]} Bxe3 {[%emt 0:00:02]} 36. Kxe3 {[%emt 0:00:01]} Kf5 {[%emt 0:00:02]} 37. Kf2 {[%emt 0:00:05]} Kxg5 {[%emt 0:00:01]} 38. Kg3 {[%emt 0:00:02]} f5 {[%emt 0:00:02]} 39. Nd2 {[%emt 0:00:10]} f4+ {[%emt 0:00:02]} 40. Kg2 {[%emt 0:00:01]} f3+ {[%emt 0:00:03]} 41. Kg3 {[%emt 0:00:04]} Ne7 {[%emt 0:00:01]} 42. Kf2 {[%emt 0:00:07]} Nf5 {[%emt 0:00:03]} 43. Kg1 {[%emt 0:00:02]} Bh5 {[%emt 0:00:02]} 44. Kf2 {[%emt 0:00:03]} g3+ {[%emt 0:00:01]} 45. Kg1 {[%emt 0:00:03]} Kf4 {[%emt 0:00:01]} 46. Nexf3 {[%emt 0:00:02]} Bxf3 {[%emt 0:00:02]} 47. Nxf3 {[%emt 0:00:00]} Kxf3 {[%emt 0:00:00]} 48. Kf1 {[%emt 0:00:01]} Ne3+ {[%emt 0:00:02]} 49. Kg1 {[%emt 0:00:02]} g2 {[%emt 0:00:02]} 50. b3 {[%emt 0:00:02]} c6 {[%emt 0:00:03]} 51. c4 {[%emt 0:00:02]} dxc4 {[%emt 0:00:01]} 52. bxc4 {[%emt 0:00:00]} Nxc4 {[%emt 0:00:01]} 53. d5 {[%emt 0:00:01]} cxd5 {[%emt 0:00:01]} 54. Kh2 {[%emt 0:00:01]} Kf2 {[%emt 0:00:00]} 55. Kh3 {[%emt 0:00:01]} g1=Q {[%emt 0:00:00]} 56. Kh4 {[%emt 0:00:01]} Qg6 {[%emt 0:00:01]} 57. Kh3 {[%emt 0:00:01]} Qg3# {[%emt 0:00:00] Mate Mate} 0-1